000 02825cam a22003854i 4500
001 117733
005 20230410115534.0
008 130514s2012 oncab b 001 0 eng
035 _a17738276
925 0 _aacquire
_b1 shelf copies
_xxj99 2013-05-14
942 _2lcc
_cbk
010 _a 2012455087
020 _a9780195440201
040 _aDLC
_beng
_cDLC
_erda
042 _apcc
050 1 4 _aHD82
_b.H327 2012
245 0 0 _aIntroduction to international development :
_bapproaches, actors, and issues /
_cedited by Paul A. Haslam, Jessica Schafer, Pierre Beaudet.
250 _aSecond edition.
264 1 _aDon Mills, Ontario, Canada ;
_bOxford University Press,
_c[2012]
300 _axxiv, 565 pages :
_billustrations, maps ;
_c26 cm.
336 _atext
_2rdacontent
337 _aunmediated
_2rdamedia
338 _avolume
_2rdacarrier
500 _aFirst edition published as: Introduction to international development / Paul A. Haslam, Jessica Schafer, Pierre Beaudet. 2009.
505 0 _aTheories and Aprproaches in International Development -- Meaning, Measurement, and Morality in International Development -- Imperialism and the Colonial Experience -- Theories of Development -- Post - Development and Alternatives to Development -- Gender and Development : The Struggles of Women in the Global South -- Globalization and Development -- International Development Actors -- State of the State : Does the State have a Role in Development ? -- National Developmen Agencies and Bilateral Aid -- The International Financial Institutions -- The United Nations and Multilateral Actors in Development -- Multinational Corporations -- civil society and development -- Issues in International Development -- Poverty and exclusion : From Basic Needs to the Millennium Development Goals -- Debt and Development -- Free Trade and fair Trade -- Democracy -- Environment and Development -- Rural Development -- Urban Development : Cities and Slums in the Global South -- Development and Health -- Education and Development : The Perennial Contradictions of Policy Discourse -- Conflict and Development -- International Migration and Development -- Indigenous Peoples : A Category in Development -- Technology, Information, and Development -- Culture and Development -- China, Socialism, Globalization, and Development -- The future of Development ?.
650 0 _aEconomic development
_xSocial aspects.
650 0 _aEconomic development
_xInternational cooperation.
650 0 _aEconomic assistance
_zDeveloping countries.
650 0 _aPolitical development.
700 1 _aHaslam, Paul Alexander,
_eeditor.
700 1 _aSchafer, Jessica,
_eeditor.
700 1 _aBeaudet, Pierre,
_d1950-
_eeditor.
700 1 _aHaslam, Paul Alexander,
_eauthor.
_tIntroduction to international development.
946 _aIMRO
999 _c43196
_d43196